Law of Hindus and Negotiable Instruments, being a commentary on the Negotiable Instruments Act (Act No. 26 of 1881) etc. (Record no. 204336)

MARC details
000 -LEADER
fixed length control field 00488nam a2200157Ia 4500
008 - FIXED-LENGTH DATA ELEMENTS--GENERAL INFORMATION
fixed length control field 230917s9999||||xx |||||||||||||| ||und||
040 ## - CATALOGING SOURCE
-- 81124
Original cataloging agency VIVEKANANDA LIBRARY
041 ## - Language
-- English
082 ## - DDC NUMBER
Classification number 346.096 A38L(9)
100 ## - MAIN ENTRY--PERSONAL NAME
Personal name Aggarwal, Chiranjiva Lal
245 #0 - TITLE STATEMENT
Title Law of Hindus and Negotiable Instruments, being a commentary on the Negotiable Instruments Act (Act No. 26 of 1881) etc.
250 ## - EDITION STATEMENT
Edition statement 9th ed.
260 ## - PUBLICATION, DISTRIBUTION, ETC. (IMPRINT)
Place of publication, distribution, etc Lucknow
Name of publisher, distributor, etc Eastern Book
Date of publication, distribution, etc 1977
300 ## - PHYSICAL DESCRIPTION
Pages xxiv, 606 p.
942 ## - ADDED ENTRY ELEMENTS (KOHA)
Koha item type Books
Holdings
Withdrawn status Lost status Damaged status Not for loan Location (home branch) Sublocation or collection (holding branch) Date acquired Koha issues (times borrowed) Koha full call number Accession No. Koha date last seen Koha item type
        VIVEKANANDA LIBRARY VIVEKANANDA LIBRARY 12/03/2003   346.096 A38L(9) 65011 17/09/2023 Books
© Designed and Maintained by Vivekananda Library, MDU Rohtak